[Event "zonal 1.1"]
[Site "Linares ESP"]
[Date "1995.11.??"]
[Round "4"]
[White "Gentilleau, Jean-Philippe"]
[Black "Berend, Fred"]
[Result "1/2-1/2"]
[WhiteElo "2225"]
[BlackElo "2415"]
[EventDate "1995.11.11"]
[PlyCount "143"]

1.d4 Nf6 2.Nf3 g6 3.Bf4 Bg7 4.e3 O-O 5.Be2 d6 6.h3 c5 7.c3 b6 8.O-O Bb7 9.
Nbd2 Nbd7 10.a4 a6 11.Bh2 Re8 12.Re1 h6 13.Bf1 Ne4 14.Nxe4 Bxe4 15.Bd3 
Bxd3 16.Qxd3 Ra7 17.e4 cxd4 18.cxd4 Qa8 19.e5 dxe5 20.dxe5 e6 21.Qe3 Rc8 
22.Rac1 Nc5 23.a5 Rb7 24.h4 Nd7 25.Rxc8+ Qxc8 26.Rc1 Qf8 27.axb6 Nxb6 28.
Qe2 Ra7 29.Bf4 Nd5 30.Bd2 Qb8 31.Rc6 Qb7 32.Qc4 Ra8 33.b3 Bf8 34.Nd4 Nb6 
35.Qc2 Rc8 36.Rxc8 Qxc8 37.Qxc8 Nxc8 38.Nc6 Nb6 39.Nb8 Bg7 40.f4 g5 41.
hxg5 hxg5 42.Nxa6 gxf4 43.Bxf4 Nd7 44.b4 Nxe5 45.b5 Nc4 46.Bc7 Kf8 47.Nb8 
Ke8 48.Kf1 Ne3+ 49.Kf2 Nd5 50.Ba5 Bc3 51.Nc6 Bxa5 52.Nxa5 Nc3 53.Ke3 Nxb5 
54.Nc4 Ke7 55.Kf4 Kf6 56.g4 Nc3 57.g5+ Kg7 58.Ne5 Nd5+ 59.Ke4 Ne7 60.Kf3 
Ng6 61.Nd7 Ne7 62.Ne5 Kf8 63.Ke4 Ke8 64.Ng4 Nc6 65.Nh2 Ke7 66.Nf3 Kd6 67.
Nd2 Na5 68.Nf3 Nb3 69.Ne5 Nd2+ 70.Kf4 Ke7 71.Ke3 Nb3 72.g6 1/2-1/2

[Event "zonal 1.1"]
[Site "Linares ESP"]
[Date "1995.11.??"]
[Round "5"]
[White "Hodgson, Julian Michael"]
[Black "San Segundo Carrillo, Pablo"]
[Result "1/2-1/2"]
[WhiteElo "2590"]
[BlackElo "2520"]
[EventDate "1995.11.11"]
[PlyCount "119"]

1.c4 e6 2.g3 d5 3.Nf3 Nf6 4.Bg2 dxc4 5.Qa4+ Nbd7 6.Qxc4 a6 7.Qc2 c5 8.a4 
b6 9.O-O Bb7 10.d3 Be7 11.Bd2 Nb8 12.Na3 O-O 13.Qb3 Nc6 14.e4 Nd7 15.Nc4 
Ra7 16.Rfc1 Ba8 17.Be3 Qb8 18.Bf4 e5 19.Bd2 Rd8 20.Bh3 b5 21.axb5 axb5 22.
Rxa7 Qxa7 23.Ne3 Rb8 24.Nd5 Bf8 25.Ng5 c4 26.dxc4 Nd4 27.Qd1 h6 28.Nf3 
bxc4 29.Be3 Bc5 30.Bxd7 Bxd5 31.Nxe5 Bxe4 32.Rxc4 Rxb2 33.Ra4 Rb1 34.Qxb1 
Bxb1 35.Rxa7 Bxa7 36.Bg4 Bc5 37.Nd7 Ba7 38.Ne5 Bc5 39.Bd1 Ne6 40.Bxc5 Nxc5
41.Be2 Ne6 42.Bc4 Be4 43.f3 Bb7 44.Bxe6 fxe6 45.Kf2 Bd5 46.Ke3 Kf8 47.h4 
Ke7 48.Kf4 Kf6 49.h5 Ba8 50.Ng4+ Ke7 51.Ke3 Bc6 52.Ne5 Be8 53.g4 Kf6 54.
Kd4 Ba4 55.Ke4 Bc2+ 56.Kf4 Ba4 57.Nd3 Bc6 58.Nc5 e5+ 59.Ke3 g6 60.hxg6 
1/2-1/2

[Event "zonal 1.1"]
[Site "Linares ESP"]
[Date "1995.11.??"]
[Round "5"]
[White "Garcia Ilundain, David"]
[Black "Sharif, Mehrshad"]
[Result "1-0"]
[WhiteElo "2510"]
[BlackElo "2465"]
[EventDate "1995.11.11"]
[PlyCount "49"]

1.d4 d5 2.Nf3 Nf6 3.c4 e6 4.Nc3 Bb4 5.Bg5 h6 6.Bxf6 Qxf6 7.Qa4+ Nc6 8.cxd5
exd5 9.e3 O-O 10.Rc1 Qg6 11.Qd1 Be6 12.a3 Bd6 13.g3 a6 14.Bg2 Qh5 15.O-O 
Bg4 16.h3 Bxh3 17.Bxh3 Qxh3 18.Nxd5 Rfe8 19.Nh4 Re4 20.Ng2 Rd8 21.Qf3 Rde8
22.Ngf4 Qf5 23.Kg2 g6 24.Rh1 Kg7 25.Nh5+ 1-0

[Event "zonal 1.1"]
[Site "Linares ESP"]
[Date "1995.11.??"]
[Round "5"]
[White "David, Alberto"]
[Black "Fernandez Garcia, Jose Luis"]
[Result "1/2-1/2"]
[WhiteElo "2465"]
[BlackElo "2445"]
[EventDate "1995.11.11"]
[PlyCount "88"]

1.e4 Nf6 2.e5 Nd5 3.g3 d6 4.exd6 Qxd6 5.Bg2 Nc6 6.Nc3 Nf6 7.Nge2 e5 8.O-O 
Bg4 9.h3 Bh5 10.d3 O-O-O 11.Be3 Nd4 12.g4 Bg6 13.f4 h5 14.g5 Nh7 15.Qd2 
Be7 16.fxe5 Nxe2+ 17.Nxe2 Qxe5 18.d4 Qb5 19.h4 Rhe8 20.Nf4 Bc5 21.Bd5 Bb4 
22.c3 Rxd5 23.Nxd5 Qxd5 24.cxb4 Re4 25.Rf4 Qe6 26.Re1 Rxf4 27.Bxf4 Qg4+ 
28.Kf1 Be4 29.Rxe4 Qf3+ 30.Kg1 Qxe4 31.d5 Nf8 32.Bg3 Ng6 33.Qc3 Nf4 34.
Bxf4 Qxf4 35.Qxg7 Kd7 36.a3 Qg4+ 37.Kf1 Qd1+ 38.Kf2 Qd3 39.Qf8 Qc4 40.Ke3 
Qc1+ 41.Ke4 Qc2+ 42.Ke3 Qc1+ 43.Ke2 Qc4+ 44.Ke3 Qc1+ 1/2-1/2

[Event "zonal 1.1"]
[Site "Linares ESP"]
[Date "1995.11.??"]
[Round "5"]
[White "Fernandes, Antonio"]
[Black "Gomez Esteban, Juan Mario"]
[Result "1-0"]
[WhiteElo "2380"]
[BlackElo "2425"]
[EventDate "1995.11.11"]
[PlyCount "88"]

1.c4 e5 2.Nc3 Nf6 3.e3 c6 4.Nf3 e4 5.Nd4 d5 6.cxd5 cxd5 7.d3 Bc5 8.Nb3 Bb4
9.Bd2 Nc6 10.dxe4 dxe4 11.Bb5 O-O 12.Bxc6 bxc6 13.Nxe4 Nxe4 14.Bxb4 Qg5 
15.Qf3 Re8 16.O-O Qg6 17.Kh1 Rb8 18.Bc3 Rb5 19.Nd2 Bg4 20.Qf4 Rf5 21.Qxe4 
Rxe4 22.Nxe4 Rd5 23.f3 Bf5 24.Ng3 Be6 25.e4 Rd7 26.a3 h5 27.f4 Qg4 28.Rf3 
f6 29.h3 Qh4 30.Kh2 Bg4 31.Nf5 Bxf5 32.exf5 Re7 33.Raf1 Re2 34.Bd4 g5 35.
Bxf6 g4 36.Bxh4 gxf3 37.Rxf3 Rxb2 38.Rc3 Kf7 39.Rxc6 Ra2 40.Ra6 Ke8 41.Bg5
Kd7 42.Kg3 Kc8 43.Kf3 Kb7 44.Ra4 a6 1-0

[Event "zonal 1.1"]
[Site "Linares ESP"]
[Date "1995.11.??"]
[Round "5"]
[White "Nijboer, Friso"]
[Black "Ribeiro, Fernando"]
[Result "1-0"]
[WhiteElo "2485"]
[BlackElo "2305"]
[EventDate "1995.11.11"]
[PlyCount "77"]

1.e4 Nc6 2.Nf3 d6 3.d4 Nf6 4.Nbd2 Bg4 5.c3 e6 6.Bd3 Be7 7.Qc2 Nd7 8.O-O h5
9.b4 Bf6 10.Bb2 h4 11.h3 Bh5 12.Bb5 O-O 13.Rfe1 a5 14.a3 e5 15.d5 Ne7 16.
Be2 Bxf3 17.Bxf3 Ng6 18.Nc4 b6 19.a4 Nf4 20.Rab1 g6 21.Bc1 Bg7 22.bxa5 
bxa5 23.Rb5 Qg5 24.Kh2 Nc5 25.g3 hxg3+ 26.fxg3 f5 27.gxf4 exf4 28.Rg1 Qh6 
29.exf5 Rxf5 30.Qg2 g5 31.Rxc5 dxc5 32.d6 Ra7 33.d7 Rf8 34.Qxg5 Qxg5 35.
Rxg5 c6 36.Bxc6 f3 37.Rg1 f2 38.Rf1 Bxc3 39.Bg5 1-0

[Event "zonal 1.1"]
[Site "Linares ESP"]
[Date "1995.11.??"]
[Round "5"]
[White "Apicella, Manuel"]
[Black "Gentilleau, Jean-Philippe"]
[Result "1-0"]
[WhiteElo "2555"]
[BlackElo "2225"]
[EventDate "1995.11.11"]
[PlyCount "91"]

1.e4 c5 2.Nf3 d6 3.d4 cxd4 4.Nxd4 Nf6 5.Nc3 Nc6 6.Be2 e5 7.Nf3 h6 8.h3 Be6
9.O-O Be7 10.Re1 O-O 11.Bf1 Nb8 12.b3 Nbd7 13.Bb2 a6 14.a4 Rc8 15.a5 Qc7 
16.Nd2 Rfd8 17.Nc4 Bf8 18.Qf3 Qb8 19.Red1 Rc6 20.Rd2 Rdc8 21.Nd5 Bxd5 22.
exd5 R6c7 23.Ba3 Nc5 24.Re1 Re8 25.Nb6 Ncd7 26.Nxd7 Nxd7 27.h4 Qd8 28.g3 
Rc8 29.b4 Qf6 30.Qg4 Qe7 31.Bh3 Rc7 32.Qe2 g6 33.h5 Nf6 34.hxg6 fxg6 35.c4
Qg7 36.c5 Rd8 37.Rc1 Kh7 38.Be6 Kh8 39.Qe3 Kh7 40.c6 bxc6 41.Rxc6 Rxc6 42.
dxc6 Ne8 43.Qb6 Nc7 44.Bd7 Rxd7 45.cxd7 Qxd7 46.Qb7 1-0

[Event "zonal 1.1"]
[Site "Linares ESP"]
[Date "1995.11.??"]
[Round "5"]
[White "Daly, Colm"]
[Black "Prie, Eric"]
[Result "1/2-1/2"]
[WhiteElo "2280"]
[BlackElo "2480"]
[EventDate "1995.11.11"]
[PlyCount "109"]

1.e4 d5 2.exd5 Qxd5 3.Nc3 Qa5 4.d4 c6 5.Nf3 Nf6 6.Ne5 Be6 7.Bc4 Bxc4 8.
Nxc4 Qd8 9.O-O e6 10.Bf4 Be7 11.Re1 O-O 12.Be5 Nbd7 13.Qf3 b5 14.Bxf6 gxf6
15.Ne3 Rc8 16.Rad1 Kh8 17.Ne4 Rg8 18.a3 Nb6 19.c3 Rg6 20.Kh1 Qf8 21.Ng3 
Bd6 22.Ne4 f5 23.Nxd6 Qxd6 24.g3 Nd5 25.Nxd5 cxd5 26.Qe2 a6 27.a4 bxa4 28.
Ra1 Rc4 29.Ra3 Qb6 30.Rea1 Qb5 31.Kg2 h6 32.Qc2 Rg4 33.Rxa4 Rxa4 34.Rxa4 
a5 35.b4 axb4 36.Rxb4 Qa6 37.Ra4 Qc6 38.Qb3 Rg8 39.Ra5 Qc7 40.Rc5 Qe7 41.
Qb6 Qh4 42.Qb1 Qg4 43.Qd3 Ra8 44.h3 Qe4+ 45.Qxe4 fxe4 46.g4 Ra2 47.Kg3 Rd2
48.c4 Rxd4 49.cxd5 Rxd5 50.Rxd5 exd5 51.Kf4 Kg7 52.Ke5 Kg6 53.Kxd5 f5 54.
Ke5 fxg4 55.Kxe4 1/2-1/2

[Event "zonal 1.1"]
[Site "Linares ESP"]
[Date "1995.11.??"]
[Round "5"]
[White "Garcia Paolicchi, Raul"]
[Black "Galego, Luis"]
[Result "0-1"]
[WhiteElo "2295"]
[BlackElo "2430"]
[EventDate "1995.11.11"]
[PlyCount "72"]

1.d4 d6 2.g3 e5 3.dxe5 dxe5 4.Qxd8+ Kxd8 5.Bg2 c6 6.Nf3 f6 7.O-O Na6 8.
Rd1+ Kc7 9.c3 Be6 10.e4 Nc5 11.Ne1 h5 12.Be3 Nh6 13.h3 Nf7 14.Nd2 Be7 15.
Bxc5 Bxc5 16.Nb3 Bb6 17.Nd3 Nd6 18.Ndc5 Bxb3 19.Nxb3 Nc4 20.a4 Nxb2 21.a5 
Nxd1 22.axb6+ axb6 23.Rxd1 Ra3 24.Rb1 Rd8 25.Bf1 Ra4 26.Re1 Ra3 27.Rb1 Ra2
28.h4 Rc2 29.Rc1 Rxc1 30.Nxc1 Rd2 31.Ne2 b5 32.f4 c5 33.Kf2 Rd1 34.Bh3 Kd6
35.g4 b4 36.cxb4 cxb4 0-1

[Event "zonal 1.1"]
[Site "Linares ESP"]
[Date "1995.11.??"]
[Round "5"]
[White "Quadrio, Alexandre"]
[Black "Cacho Reigadas, Sergio"]
[Result "0-1"]
[WhiteElo "2225"]
[BlackElo "2400"]
[EventDate "1995.11.11"]
[PlyCount "54"]

1.e4 c5 2.d4 cxd4 3.c3 dxc3 4.Nxc3 Nc6 5.Nf3 Qc7 6.Bc4 e6 7.O-O Nf6 8.Nb5 
Qb8 9.e5 a6 10.exf6 axb5 11.fxg7 Bxg7 12.Bxb5 O-O 13.Re1 d5 14.a4 Qd6 15.
Ra3 e5 16.Ng5 Bf5 17.Rg3 Rad8 18.Qh5 Bg6 19.Qh3 Nd4 20.Be2 Qb4 21.Kf1 Nxe2
22.Rxe2 Qxa4 23.b3 Qa6 24.Bb2 Rc8 25.Ke1 Qa2 26.Rc3 Qb1+ 27.Bc1 Bf5 0-1

[Event "zonal 1.1"]
[Site "Linares ESP"]
[Date "1995.11.??"]
[Round "6"]
[White "Wells, Peter"]
[Black "Hodgson, Julian Michael"]
[Result "1/2-1/2"]
[WhiteElo "2545"]
[BlackElo "2590"]
[EventDate "1995.11.11"]
[PlyCount "100"]

1.e4 d5 2.exd5 Qxd5 3.Nc3 Qa5 4.Nf3 Nf6 5.Be2 c6 6.O-O g6 7.d4 Bg7 8.Re1 
O-O 9.Bf1 Qd8 10.Ne5 Be6 11.Bg5 Nd5 12.Nxd5 cxd5 13.c3 f6 14.Nd3 Bf7 15.
Bh4 Nc6 16.Nc5 Qc8 17.Rc1 Kh8 18.Be2 Bh6 19.Rc2 Bf4 20.Bg4 Qc7 21.Bg3 Bxg3
22.hxg3 Rad8 23.Be6 b6 24.Nd3 Bxe6 25.Rxe6 Rd6 26.Re1 e6 27.Rce2 Qf7 28.
Qd2 g5 29.f4 h6 30.Rf2 Ne7 31.fxg5 hxg5 32.Ref1 Qg7 33.g4 Ng8 34.Qe3 Nh6 
35.Qg3 Rc6 36.Re1 Nf7 37.Rfe2 Re8 38.Rf2 Qg6 39.Qf3 Kg7 40.Ref1 e5 41.Nb4 
e4 42.Qf5 e3 43.Re2 Rd6 44.Nc2 Nh6 45.Qxg6+ Kxg6 46.Rxe3 Red8 47.Rg3 Re6 
48.Re3 Red6 49.Rg3 Re6 50.Re3 Red6 1/2-1/2

[Event "zonal 1.1"]
[Site "Linares ESP"]
[Date "1995.11.??"]
[Round "6"]
[White "Magem Badals, Jordi"]
[Black "Antunes, Antonio"]
[Result "1/2-1/2"]
[WhiteElo "2560"]
[BlackElo "2530"]
[EventDate "1995.11.11"]
[PlyCount "67"]

1.e4 c5 2.Nf3 Nc6 3.c3 Nf6 4.e5 Nd5 5.Bc4 Nb6 6.Bb3 d5 7.exd6 e6 8.O-O 
Bxd6 9.d4 O-O 10.dxc5 Bxc5 11.Qe2 Nd5 12.Rd1 Qc7 13.Bxd5 exd5 14.Rxd5 Ne7 
15.Rd1 Ng6 16.Be3 Bg4 17.Bxc5 Qxc5 18.Nbd2 Rfe8 19.Qc4 Qh5 20.Re1 h6 21.a4
a6 22.Re4 Bd7 23.Rae1 Rxe4 24.Rxe4 Bc6 25.Re3 Rd8 26.h3 Rd6 27.b3 Rd8 28.
Nd4 Qd1+ 29.Nf1 Bd5 30.Qc5 Kh7 31.Qc7 Rf8 32.Qc5 Rd8 33.Qc7 Rf8 34.Qc5 
1/2-1/2

[Event "zonal 1.1"]
[Site "Linares ESP"]
[Date "1995.11.??"]
[Round "6"]
[White "San Segundo Carrillo, Pablo"]
[Black "Van der Wiel, John"]
[Result "1/2-1/2"]
[WhiteElo "2520"]
[BlackElo "2545"]
[EventDate "1995.11.11"]
[PlyCount "36"]

1.d4 d6 2.c4 e5 3.Nc3 exd4 4.Qxd4 Nf6 5.Qd2 g6 6.b3 Bg7 7.Bb2 O-O 8.g3 
Nbd7 9.Bg2 Nc5 10.Nf3 a5 11.Nd4 a4 12.Rd1 axb3 13.axb3 c6 14.O-O Qb6 15.
Qc2 Re8 16.e3 h5 17.h3 Nh7 18.Nce2 Bd7 1/2-1/2

[Event "zonal 1.1"]
[Site "Linares ESP"]
[Date "1995.11.??"]
[Round "6"]
[White "Prie, Eric"]
[Black "Apicella, Manuel"]
[Result "1/2-1/2"]
[WhiteElo "2480"]
[BlackElo "2555"]
[EventDate "1995.11.11"]
[PlyCount "21"]

1.e4 e6 2.d4 d5 3.exd5 exd5 4.Bf4 Bf5 5.Bd3 Bxd3 6.Qxd3 Nc6 7.c3 Bd6 8.
Bxd6 Qxd6 9.Nf3 Nge7 10.O-O O-O 11.Nbd2 1/2-1/2

[Event "zonal 1.1"]
[Site "Linares ESP"]
[Date "1995.11.??"]
[Round "6"]
[White "Fernandez Garcia, Jose Luis"]
[Black "Fernandes, Antonio"]
[Result "1/2-1/2"]
[WhiteElo "2445"]
[BlackElo "2380"]
[EventDate "1995.11.11"]
[PlyCount "61"]

1.e4 c6 2.c4 d5 3.cxd5 cxd5 4.exd5 Nf6 5.Nc3 Nxd5 6.Nf3 Nc6 7.Bb5 e6 8.O-O
Be7 9.d4 O-O 10.Re1 Ncb4 11.a3 Nxc3 12.bxc3 Nd5 13.Bd3 b6 14.Qc2 Nf6 15.
Bg5 h6 16.Bxf6 Bxf6 17.Bh7+ Kh8 18.Be4 Rb8 19.Qa4 Qd7 20.Bc6 Qc7 21.c4 Rd8
22.Rad1 Bd7 23.Bxd7 Rxd7 24.d5 Rbd8 25.h3 Qc5 26.Ne5 Bxe5 27.Rxe5 exd5 28.
cxd5 Rxd5 29.Rexd5 Rxd5 30.Rxd5 Qxd5 31.Qxa7 1/2-1/2

[Event "zonal 1.1"]
[Site "Linares ESP"]
[Date "1995.11.??"]
[Round "6"]
[White "Gomez Esteban, Juan Mario"]
[Black "Gentilleau, Jean-Philippe"]
[Result "1-0"]
[WhiteElo "2425"]
[BlackElo "2225"]
[EventDate "1995.11.11"]
[PlyCount "51"]

1.d4 d6 2.e4 Nd7 3.f4 e5 4.Nf3 c6 5.Bc4 exd4 6.O-O Nb6 7.Bb3 c5 8.c3 dxc3 
9.Nxc3 c4 10.Bxc4 Nxc4 11.Qa4+ Bd7 12.Qxc4 Qb6+ 13.Kh1 Be6 14.Nd5 Bxd5 15.
exd5 Be7 16.Re1 Kf8 17.Be3 Qd8 18.Rac1 Nf6 19.Bd4 Ne8 20.Qb5 b6 21.Qc6 h6 
22.Rc2 Bf6 23.Rce2 Nc7 24.Bxf6 gxf6 25.Re7 Rc8 26.Rd7 1-0

[Event "zonal 1.1"]
[Site "Linares ESP"]
[Date "1995.11.??"]
[Round "7"]
[White "Van der Wiel, John"]
[Black "Magem Badals, Jordi"]
[Result "1/2-1/2"]
[WhiteElo "2545"]
[BlackElo "2560"]
[EventDate "1995.11.11"]
[PlyCount "57"]

1.e4 c6 2.d4 d5 3.Nd2 dxe4 4.Nxe4 Bf5 5.Nc5 b6 6.Nb3 Nf6 7.Nf3 e6 8.g3 Bd6
9.Bg5 Nbd7 10.Bg2 Qc7 11.O-O O-O 12.c4 Rad8 13.c5 bxc5 14.Qe2 cxd4 15.
Nfxd4 Bg4 16.Qa6 Nb8 17.Qa4 Be5 18.Rac1 Bxd4 19.Nxd4 Qe5 20.Bxf6 Qxf6 21.
Nxc6 Nxc6 22.Qxg4 Nd4 23.Rc7 a6 24.Ra7 Rd6 25.Qe4 g6 26.Qb7 e5 27.Qe7 Rc8 
28.f4 exf4 29.gxf4 1/2-1/2

[Event "zonal 1.1"]
[Site "Linares ESP"]
[Date "1995.11.??"]
[Round "7"]
[White "Hebden, Mark"]
[Black "San Segundo Carrillo, Pablo"]
[Result "1/2-1/2"]
[WhiteElo "2570"]
[BlackElo "2520"]
[EventDate "1995.11.11"]
[PlyCount "123"]

1.d4 d5 2.Nf3 Nf6 3.c4 e6 4.Bg5 Be7 5.e3 Nbd7 6.Nbd2 O-O 7.Rc1 c5 8.cxd5 
Nxd5 9.Bxe7 Qxe7 10.Ne4 cxd4 11.Qxd4 N7f6 12.Bd3 Rd8 13.O-O Bd7 14.Ne5 Be8
15.Qc5 Qxc5 16.Nxc5 Nb4 17.Bb1 b6 18.Nb3 Bb5 19.Rfe1 Nd7 20.Nc4 Ba4 21.Nd4
Nc5 22.Rc3 Nd5 23.Rcc1 Nb4 24.b3 Be8 25.Red1 Rac8 26.h4 Nd5 27.g3 b5 28.
Ne5 b4 29.Nec6 Bxc6 30.Nxc6 Rxc6 31.e4 Rc7 32.exd5 Rxd5 33.Rxd5 exd5 34.
Kf1 Ne6 35.Rd1 g6 36.Ke2 Rc5 37.Kd2 Kg7 38.Bd3 Ra5 39.Bb1 Rc5 40.Bd3 Kf6 
41.Re1 Nc7 42.a3 a5 43.axb4 axb4 44.Ra1 Rc3 45.Bc2 Ne6 46.Ra4 Nd4 47.Rxb4 
Rxc2+ 48.Kd3 Rxf2 49.Kxd4 Rf3 50.Kxd5 Rxg3 51.Rf4+ Kg7 52.b4 Rb3 53.Kc5 h6
54.b5 g5 55.hxg5 hxg5 56.Rg4 Kg6 57.b6 Kf5 58.Rb4 Rc3+ 59.Kd6 Rc8 60.b7 
Rb8 61.Kc7 Rh8 62.Rd4 1/2-1/2

[Event "zonal 1.1"]
[Site "Linares ESP"]
[Date "1995.11.??"]
[Round "7"]
[White "Apicella, Manuel"]
[Black "David, Alberto"]
[Result "1-0"]
[WhiteElo "2555"]
[BlackElo "2465"]
[EventDate "1995.11.11"]
[PlyCount "33"]

1.e4 Nc6 2.Nf3 d6 3.d4 Nf6 4.Nc3 Bg4 5.Be3 e6 6.h3 Bh5 7.d5 Ne7 8.Bb5+ c6 
9.dxc6 bxc6 10.Ba4 Qc7 11.Qe2 Nd7 12.g4 Bg6 13.O-O-O e5 14.Nh4 Nc8 15.Qc4 
Nc5 16.Bxc5 dxc5 17.Qd5 1-0

[Event "zonal 1.1"]
[Site "Linares ESP"]
[Date "1995.11.??"]
[Round "7"]
[White "Nijboer, Friso"]
[Black "Prie, Eric"]
[Result "1-0"]
[WhiteElo "2485"]
[BlackElo "2480"]
[EventDate "1995.11.11"]
[PlyCount "57"]

1.e4 d5 2.exd5 Qxd5 3.Nc3 Qa5 4.d4 c6 5.Nf3 Nf6 6.Bd2 Bf5 7.Ne4 Qb6 8.
Nxf6+ gxf6 9.b4 e5 10.Bc4 Nd7 11.O-O Bg6 12.c3 Qc7 13.dxe5 fxe5 14.Qb3 Bg7
15.Nh4 Nb6 16.Be3 Nxc4 17.Qxc4 O-O 18.Rfd1 Rfd8 19.Bg5 Rxd1+ 20.Rxd1 Re8 
21.Nxg6 hxg6 22.Qg4 e4 23.Rd7 Qe5 24.Rxb7 Qxc3 25.g3 Bd4 26.Kg2 Re5 27.Bf6
Qf3+ 28.Qxf3 exf3+ 29.Kf1 1-0

[Event "zonal 1.1"]
[Site "Linares ESP"]
[Date "1995.11.??"]
[Round "7"]
[White "Arlandi, Ennio"]
[Black "Gomez Esteban, Juan Mario"]
[Result "0-1"]
[WhiteElo "2455"]
[BlackElo "2425"]
[EventDate "1995.11.11"]
[PlyCount "46"]

1.d4 Nf6 2.c4 e6 3.Nc3 d5 4.cxd5 exd5 5.Bg5 Be7 6.e3 h6 7.Bh4 O-O 8.Bd3 
Re8 9.Qc2 c5 10.Nge2 Nc6 11.a3 cxd4 12.exd4 Ng4 13.Bxe7 Rxe7 14.Rd1 Qd6 
15.h3 Nh2 16.Nb5 Qb8 17.Bf5 Qf4 18.Bxc8 Rxc8 19.Qd2 Rce8 20.Nc3 Qc7 21.Qd3
Nxd4 22.Qxd4 Qxc3+ 23.Rd2 Qc1+ 0-1

[Event "zonal 1.1"]
[Site "Linares ESP"]
[Date "1995.11.??"]
[Round "7"]
[White "Berend, Fred"]
[Black "Kelly, Brian"]
[Result "0-1"]
[WhiteElo "2415"]
[BlackElo "2300"]
[EventDate "1995.11.11"]
[PlyCount "120"]

1.e4 c5 2.Nf3 e6 3.g3 Nc6 4.Bg2 Nf6 5.d3 d5 6.Nbd2 Be7 7.O-O Qc7 8.Re1 d4 
9.Nc4 e5 10.a4 O-O 11.Nh4 g6 12.f4 exf4 13.Bxf4 Qd8 14.Nf3 Be6 15.Qd2 Re8 
16.e5 Nd5 17.Bg5 Qc7 18.Bxe7 Qxe7 19.Qh6 Qf8 20.Qh4 Qg7 21.Nd6 Re7 22.Ne4 
Ne3 23.Re2 Kf8 24.Nxc5 Bd5 25.Rxe3 dxe3 26.d4 Rc8 27.Ng5 h6 28.Bxd5 hxg5 
29.Qg4 Rd8 30.Bxc6 bxc6 31.c3 Qh6 32.Rf1 Kg8 33.Ne4 Rb8 34.Nf6+ Kg7 35.Qe2
c5 36.d5 Rxe5 37.Ng4 Qh5 38.Qf3 Rf5 39.Qe2 Rxf1+ 40.Kxf1 Re8 41.Nxe3 Qh3+ 
42.Ke1 Qd7 43.Kd2 Qxa4 44.Qd3 Rh8 45.Qe2 Qe4 46.b3 Qh1 47.Kd3 Rxh2 48.Qg4 
Qe1 49.Qxg5 Qe2+ 50.Ke4 Rf2 51.Qe5+ Kh7 52.d6 Rf3 53.Qxc5 f5+ 54.Kd5 Rxe3 
55.Kc6 Qf3+ 56.Kd7 Rxc3 57.Qxa7 Rxb3 58.Ke8+ Rb7 59.Qc5 Qb3 60.d7 Qg8+ 0-1

[Event "zonal 1.1"]
[Site "Linares ESP"]
[Date "1995.11.??"]
[Round "7"]
[White "Daly, Colm"]
[Black "Cacho Reigadas, Sergio"]
[Result "0-1"]
[WhiteElo "2280"]
[BlackElo "2400"]
[EventDate "1995.11.11"]
[PlyCount "66"]

1.d4 Nf6 2.c4 c5 3.d5 b5 4.cxb5 a6 5.bxa6 g6 6.Nc3 Bxa6 7.f4 Qa5 8.Bd2 Bg7
9.Nf3 O-O 10.e4 Bxf1 11.Rxf1 d6 12.e5 Nfd7 13.e6 fxe6 14.Ng5 e5 15.Ne6 Rf7
16.Nxg7 Kxg7 17.Ne4 Qb5 18.Bc3 Kg8 19.Ng5 Rf5 20.g4 Rf6 21.Rf3 Ra4 22.fxe5
Nxe5 23.Bxe5 dxe5 24.Rxf6 exf6 25.Ne6 Re4+ 26.Kf2 Qxb2+ 27.Kf3 Rc4 28.Qe2 
Rc3+ 29.Kf2 Qxa1 30.Qd2 Qc1 31.Qxc1 Rxc1 32.Ke3 Nd7 33.d6 Rd1 0-1

[Event "zonal 1.1"]
[Site "Linares ESP"]
[Date "1995.11.??"]
[Round "7"]
[White "Garcia Paolicchi, Raul"]
[Black "Ribeiro, Fernando"]
[Result "1-0"]
[WhiteElo "2295"]
[BlackElo "2305"]
[EventDate "1995.11.11"]
[PlyCount "105"]

1.d4 d6 2.Nf3 Bg4 3.g3 Bxf3 4.exf3 e6 5.d5 exd5 6.Qxd5 c6 7.Qb3 Qb6 8.Be3 
Qxb3 9.axb3 a6 10.b4 Nf6 11.b5 d5 12.bxc6 Nxc6 13.c3 Be7 14.Nd2 O-O 15.Bh3
Rad8 16.Bb6 Rde8 17.O-O Bd6 18.Rfe1 Ne5 19.Bf5 g6 20.Bc2 Ned7 21.Be3 Re7 
22.Bg5 Rfe8 23.Rxe7 Rxe7 24.Kf1 Kg7 25.Re1 Rxe1+ 26.Kxe1 h6 27.Be3 Ne8 28.
h4 h5 29.Ke2 f5 30.f4 Be7 31.Bb3 Nc7 32.Nf3 Kf7 33.Ne5+ Nxe5 34.fxe5 Ke6 
35.Kd3 b5 36.f4 a5 37.Bb6 Na8 38.Bxa5 Bc5 39.Ke2 Nb6 40.Bb4 Bg1 41.Kf1 Be3
42.Ke2 Bg1 43.Bc2 Na4 44.Bd3 Nxb2 45.Bxb5 Nc4 46.Be8 Nxe5 47.fxe5 Kxe5 48.
Bxg6 f4 49.Kf3 Bb6 50.Bxh5 Bd8 51.Kg4 d4 52.cxd4+ Kxd4 53.Bf7 1-0

[Event "zonal 1.1"]
[Site "Linares ESP"]
[Date "1995.11.??"]
[Round "7"]
[White "Gentilleau, Jean-Philippe"]
[Black "Quadrio, Alexandre"]
[Result "1/2-1/2"]
[WhiteElo "2225"]
[BlackElo "2225"]
[EventDate "1995.11.11"]
[PlyCount "85"]

1.Nf3 f5 2.b3 Nf6 3.Bb2 d6 4.d4 g6 5.g3 Bg7 6.Bg2 O-O 7.O-O Qe8 8.c4 Ne4 
9.Nbd2 Nxd2 10.Qxd2 Nc6 11.b4 e5 12.b5 Nxd4 13.Nxd4 exd4 14.Bxd4 Bxd4 15.
Qxd4 Qe5 16.Bd5+ Kg7 17.Qxe5+ dxe5 18.e3 Rb8 19.c5 Bd7 20.c6 bxc6 21.bxc6 
Be8 22.Rab1 Rb6 23.a4 Rf6 24.Rxb6 axb6 25.Rc1 Rd6 26.e4 fxe4 27.Bxe4 Rd4 
28.f3 Rxa4 29.h4 h6 30.Kf2 Kf6 31.g4 Ra5 32.g5+ hxg5 33.hxg5+ Kxg5 34.Rd1 
Rc5 35.Rd7 Rxc6 36.Bxc6 Bxd7 37.Bxd7 Kf4 38.Bc6 g5 39.Ke2 g4 40.fxg4 Kxg4 
41.Ke3 Kg5 42.Ke4 Kf6 43.Bd5 1/2-1/2

[Event "zonal 1.1"]
[Site "Linares ESP"]
[Date "1995.11.??"]
[Round "8"]
[White "San Segundo Carrillo, Pablo"]
[Black "Van der Sterren, Paul"]
[Result "1/2-1/2"]
[WhiteElo "2520"]
[BlackElo "2545"]
[EventDate "1995.11.11"]
[PlyCount "81"]

1.d4 Nf6 2.c4 e6 3.Nf3 d5 4.Nc3 Be7 5.Qc2 O-O 6.Bg5 h6 7.Bxf6 Bxf6 8.Rd1 
c5 9.dxc5 Qa5 10.cxd5 exd5 11.Qd2 Bxc3 12.Qxc3 Qxc3+ 13.bxc3 Na6 14.e3 
Nxc5 15.Rxd5 b6 16.Rd4 Bb7 17.Bc4 Rac8 18.Ne5 Bxg2 19.Rg1 Bh3 20.Ng6 Rfe8 
21.Nf4 Be6 22.Nxe6 Nxe6 23.Bxe6 Rxe6 24.Kd2 Rf6 25.f4 Rc5 26.Kd3 Rfc6 27.
Rc1 Ra5 28.a4 Rg6 29.Rb1 Rg2 30.Rb5 Rxb5 31.axb5 Rxh2 32.Rd8+ Kh7 33.Rd7 
Ra2 34.Rxf7 h5 35.Rf5 g6 36.Rg5 Kh6 37.e4 h4 38.Rg4 Kh5 39.Rg5+ Kh6 40.Rg4
Kh5 41.Rg5+ 1/2-1/2

[Event "zonal 1.1"]
[Site "Linares ESP"]
[Date "1995.11.??"]
[Round "8"]
[White "Sosonko, Gennadi"]
[Black "Fernandez Garcia, Jose Luis"]
[Result "1-0"]
[WhiteElo "2525"]
[BlackElo "2445"]
[EventDate "1995.11.11"]
[PlyCount "71"]

1.d4 Nf6 2.c4 g6 3.Nc3 d5 4.Nf3 Bg7 5.Qb3 dxc4 6.Qxc4 O-O 7.e4 a6 8.Be2 b5
9.Qb3 c5 10.dxc5 Nc6 11.O-O b4 12.Na4 Nxe4 13.Be3 Rb8 14.Nb6 Nxc5 15.Bxc5 
Rxb6 16.Bxb6 Qxb6 17.Rac1 Be6 18.Qc2 Rc8 19.Qa4 Bxb2 20.Qxa6 Qxa6 21.Bxa6 
Rc7 22.Rc5 b3 23.axb3 Ba3 24.Rc2 Bf5 25.Rc4 Be6 26.Ra4 Bd6 27.Bc4 Bg4 28.
Bxf7+ Kxf7 29.Rxg4 Rb7 30.Rb1 Kf6 31.Ra4 Rb6 32.Nd2 Bb4 33.Nc4 Rb5 34.Ra6 
Rc5 35.Rd1 e6 36.Rd6 1-0

[Event "zonal 1.1"]
[Site "Linares ESP"]
[Date "1995.11.??"]
[Round "8"]
[White "Prie, Eric"]
[Black "Galego, Luis"]
[Result "0-1"]
[WhiteElo "2480"]
[BlackElo "2430"]
[EventDate "1995.11.11"]
[PlyCount "84"]

1.e4 d5 2.exd5 Nf6 3.d4 Bg4 4.Nf3 Qxd5 5.Nc3 Qf5 6.Bd3 Bxf3 7.gxf3 Qd7 8.
Be3 Nc6 9.Bb5 e6 10.Qd3 a6 11.Ba4 Bb4 12.O-O-O Bxc3 13.Qxc3 b5 14.Bb3 Ne7 
15.d5 Nexd5 16.Bxd5 Nxd5 17.Qxg7 O-O-O 18.Bd4 h5 19.Qg5 Rdg8 20.Qd2 f6 21.
b3 Qc6 22.Rhg1 Rd8 23.Bb2 e5 24.Qd3 Nf4 25.Qe3 Kb7 26.Kb1 h4 27.a3 h3 28.
Rc1 Rd7 29.Rgd1 Rhd8 30.Rxd7 Rxd7 31.Ka2 Qd5 32.c4 Qd3 33.cxb5 axb5 34.Qc5
Qd5 35.Qf8 Rd6 36.Qg7 Rc6 37.Rxc6 Qxc6 38.Qh7 Qxf3 39.Qc2 Qd3 40.Qc5 Qe2 
41.Qe3 Qxe3 42.fxe3 Ng2 0-1

[Event "zonal 1.1"]
[Site "Linares ESP"]
[Date "1995.11.??"]
[Round "8"]
[White "Sharif, Mehrshad"]
[Black "Kelly, Brian"]
[Result "1/2-1/2"]
[WhiteElo "2465"]
[BlackElo "2300"]
[EventDate "1995.11.11"]
[PlyCount "151"]

1.d4 d5 2.c4 c6 3.cxd5 cxd5 4.Bf4 Nc6 5.Nc3 Nf6 6.e3 Bf5 7.Bb5 e6 8.Qa4 
Qb6 9.Nf3 Nd7 10.Nh4 Be4 11.O-O-O Rc8 12.f3 Bg6 13.Nxg6 hxg6 14.Kb1 a6 15.
Be2 Bb4 16.Rc1 O-O 17.a3 Be7 18.h4 Qa7 19.Bg5 Nf6 20.g4 b5 21.Qd1 Nh7 22.
Bxe7 Qxe7 23.g5 Na5 24.f4 b4 25.axb4 Qxb4 26.Qa4 Qb6 27.Qa3 Nc4 28.Bxc4 
Rxc4 29.Na4 Qb5 30.Rxc4 Qxc4 31.Nc5 Ra8 32.Qd3 Qb4 33.h5 gxh5 34.Rxh5 Nf8 
35.Rh1 Qb5 36.Qxb5 axb5 37.Rf1 Re8 38.Kc2 Ng6 39.Ra1 Ne7 40.Ra7 Kh7 41.Rb7
Kg6 42.Nd7 f6 43.gxf6 gxf6 44.Rxb5 Kf5 45.Kd3 Rd8 46.Rb7 Ng6 47.Nc5 Rh8 
48.Rg7 Rh2 49.Nxe6 Kxe6 50.Rxg6 Rxb2 51.Rg8 Ra2 52.Rb8 Ke7 53.Rb7+ Kd6 54.
Rb6+ Ke7 55.Kc3 Re2 56.Kd3 Ra2 57.Rb3 Ke6 58.Kc3 Re2 59.Kd3 Ra2 60.Rc3 Rh2
61.Rc2 Rh1 62.Rc6+ Ke7 63.Ra6 Rh2 64.Ra1 Ke6 65.Ra3 Rg2 66.Ra5 Kd6 67.Ra1 
Ke6 68.Rf1 Rh2 69.f5+ Kd6 70.Rf4 Ra2 71.Rf3 Rh2 72.Rg3 Rh5 73.Rf3 Rh2 74.
Rf4 Ra2 75.Rf1 Rg2 76.Rf3 1/2-1/2